[Event "6Ã¨me LUC open"]
[Site "Lille"]
[Date "2015-05-06"]
[Round "4.34"]
[White "GUERIN, Bernard"]
[Black "BANNINK, Bernard"]
[Result "0-1"]
[WhiteElo "1730"]
[BlackElo "2267"]

1. e4 c5 2. Nc3 Nc6 3. Bc4 e6 4. d3 Nf6 5. Bg5 Be7 6. Nge2 a6 7. a4 h6 8. Bxf6
Bxf6 9. O-O d6 10. Rb1 Bd7 11. Qd2 Rb8 12. Kh1 Nd4 13. f4 Nxe2 14. Nxe2 Bxa4
15. Ng3 Bc6 16. Nh5 g6 17. Nxf6+ Qxf6 18. c3 d5 19. exd5 exd5 20. Rbe1+ Kd7 21.
Ba2 Rhe8 22. Qf2 b6 23. Qf3 Rxe1 24. Rxe1 Re8 25. Rxe8 Kxe8 26. Bxd5 Bxd5 27.
Qxd5 Qxf4 28. Qa8+ Ke7 29. Qb7+ Kf8 30. h3 Qc1+ 31. Kh2 Qxb2 32. Qb8+ Kg7 33.
Qe5+ Kh7 34. Qf6 Kg8 35. Qe5 Qb3 36. Qe8+ Kg7 37. Qe5+ Kh7 1-0

*

[Event "6Ã¨me LUC open"]
[Site "Lille"]
[Date "2015-05-06"]
[Round "4.35"]
[White "BIANCHI, Guillaume"]
[Black "URBANIAK, Patrick"]
[Result "1-0"]
[WhiteElo "2150"]
[BlackElo "1825"]

1. d4 Nf6 2. c4 g6 3. Nf3 Bg7 4. g3 O-O 5. Bg2 c6 6. O-O d5 7. Qb3 dxc4 8. Qxc4
Be6 9. Qa4 h6 10. Nc3 Nbd7 11. e4 Nb6 12. Qc2 Bg4 13. Rd1 Rc8 14. h3 Be6 15. b3
Ne8 16. Bf4 g5 17. Be3 f5 18. Qd2 fxe4 19. Nxe4 Bd5 20. Ne5 Nd6 21. Nc5 Bf7 22.
Nxf7 Rxf7 23. Ne6 Qd7 24. Nxg7 Kxg7 25. d5 cxd5 26. Qb2+ Kh7 27. Bxb6 axb6 28.
Bxd5 Rf6 29. Qe5 Rcf8 30. Rd2 Qxh3 31. Qxe7+ Kg6 32. Bg2 Qe6 33. Re1 Qxe7 34.
Rxe7 R8f7 35. Re5 Kg7 36. Red5 Nf5 37. Rd7 Rxd7 38. Rxd7+ Rf7 39. Rxb7 Rxb7 40.
Bxb7 Nd4 41. Kf1 Kf6 42. Ke1 Ke5 43. Kd2 h5 44. Kc3 Ne2+ 45. Kc4 h4 46. gxh4
gxh4 47. a4 h3 48. b4 h2 49. a5 bxa5 50. bxa5 Kd6 51. Bh1 Kc7 52. Kc5 Nf4 53.
a6 Ne6+ 54. Kb5 Nd4+ 55. Kc4 Nc6 56. Kc5 Na7 57. Bg2 Nc8 58. f4 Kd7 59. Bc6+
Ke6 60. Bb7 Kd7 61. Kd4 Nd6 62. Bd5 Nb5+ 63. Kc5 Na7 64. Bb7 Kc7 65. f5 Nc8 66.
f6 Nd6 67. Bd5 1-0

*

[Event "6Ã¨me LUC open"]
[Site "Lille"]
[Date "2015-05-06"]
[Round "4.36"]
[White "VAN LOMMEL, Patrick"]
[Black "MARTYNOV, Petr"]
[Result "0-1"]
[WhiteElo "2120"]
[BlackElo "1885"]

1. Nf3 e6 2. d4 Nf6 3. g3 d5 4. Bg2 Be7 5. O-O O-O 6. c4 b6 7. Nfd2 Bb7 8. cxd5
exd5 9. b3 c5 10. dxc5 bxc5 11. Bb2 Nc6 12. Nc3 Qd7 13. Rc1 Rac8 14. Na4 Nd4
15. e3 Ne6 16. Nf3 Rfd8 17. Ne5 Qb5 18. Nc3 Qa6 19. Qe2 d4 20. Bxb7 Qxb7 21.
exd4 Nxd4 22. Qe3 Bd6 23. f4 Re8 24. h3 Nd7 25. Qe4 Qxe4 26. Nxe4 Bxe5 27. fxe5
Ne2+ 28. Kg2 Nxc1 29. Rxc1 Nxe5 30. Nd6 Nd3 31. Nxc8 Nxc1 0-1

*

[Event "6Ã¨me LUC open"]
[Site "Lille"]
[Date "2015-05-06"]
[Round "4.37"]
[White "VAN VLIET, Dennis"]
[Black "WUHRMANN, Daniel"]
[Result "1-0"]
[WhiteElo "2109"]
[BlackElo "1723"]

1. d4 Nf6 2. c4 e6 3. Nc3 Bb4 4. f3 c5 5. a3 Bxc3+ 6. bxc3 Qa5 7. Bd2 d6 8. e4
e5 9. Bd3 Nbd7 10. Ne2 Qc7 11. d5 O-O 12. g4 Re8 13. Ng3 Nf8 14. Bc2 Ng6 15. h4
Nf4 16. Qc1 Qa5 17. h5 h6 18. Ne2 Nxg4 19. fxg4 Bxg4 20. Nxf4 exf4 21. Kf2 f5
22. Qg1 Re7 23. Rh4 fxe4 24. Qxg4 e3+ 25. Kg1 exd2 26. Qg6 Re1+ 27. Kf2 Qxc3
28. Qh7+ Kf8 29. Rxf4+ Ke7 30. Re4+ Rxe4 31. Qxe4+ Kf8 32. Rf1 Qe5 33. Kg2+ Ke7
34. Qxe5+ dxe5 35. Kf2 a6 36. Ke3 b5 37. Kxd2 bxc4 38. Kc3 Kd6 39. Kxc4 Rb8 40.
Rb1 Rf8 41. Rb6+ Kc7 42. Rc6+ Kd7 43. Kxc5 Rf2 44. Ba4 Kd8 45. Rxa6 Rf3 46. d6
1-0

*

[Event "6Ã¨me LUC open"]
[Site "Lille"]
[Date "2015-05-06"]
[Round "4.38"]
[White "DE LAGONTRIE, Jean"]
[Black "FARRINGTON, Edward J"]
[Result "1/2-1/2"]
[WhiteElo "1796"]
[BlackElo "2024"]

1. d4 c5 2. d5 e6 3. c4 exd5 4. cxd5 d6 5. Nc3 g6 6. e4 Bg7 7. f4 Ne7 8. Nf3
O-O 9. Be2 Bg4 10. O-O a6 11. a4 b6 12. Re1 Nd7 13. h3 Bxf3 14. Bxf3 f6 15. g4
g5 16. f5 Ne5 17. Be2 Re8 18. Kg2 Qc7 19. Be3 Nc8 20. Rh1 Kf7 21. Qf1 Qb7 22.
Kg3 Ne7 1/2-1/2

*

[Event "6Ã¨me LUC open"]
[Site "Lille"]
[Date "2015-05-06"]
[Round "4.39"]
[White "COULON, Guillaume"]
[Black "LEBRET, Loriane"]
[Result "1-0"]
[WhiteElo "2020"]
[BlackElo "1690"]

1. e4 g6 2. d4 Bg7 3. Nf3 c6 4. Nc3 d5 5. Be3 dxe4 6. Nxe4 Bf5 7. Ng3 Bg4 8.
Bc4 Nf6 9. Bxf7+ Kxf7 10. Ne5+ Ke8 11. Nxg4 Nxg4 12. Qxg4 Nd7 13. Ne4 Qa5+ 14.
c3 Qf5 15. Qxf5 gxf5 16. Ng3 Rf8 17. Nh5 Bh8 18. Nf4 Rc8 19. O-O-O Nb6 20. Ne6
Rf6 21. Nc5 f4 22. Bd2 Rc7 23. Rhe1 Nd5 24. Re4 f3 25. g3 b6 26. Ne6 Rc8 27.
Rde1 Rf7 28. Ng5 Rf5 29. g4 Rf6 30. Nxh7 Rd6 31. c4 Rd7 1-0

*

[Event "6Ã¨me LUC open"]
[Site "Lille"]
[Date "2015-05-06"]
[Round "4.40"]
[White "BERTINCHAMP, Jean-Louis"]
[Black "MAJHI, Ankit"]
[Result "0-1"]
[WhiteElo "1399"]
[BlackElo "2178"]

1. Nf3 Nf6 2. g3 g6 3. Bg2 Bg7 4. d4 O-O 5. c4 d6 6. Nc3 Nc6 7. O-O a6 8. h3
Bd7 9. e4 e5 10. d5 Nd4 11. Nxd4 exd4 12. Qxd4 Qc8 13. h4 b5 14. cxb5 axb5 15.
Bh6 Bxh6 16. Qxf6 b4 17. Ne2 Bg7 18. Qg5 Bxb2 19. Rab1 Bg7 20. Rxb4 Rxa2 21.
Nc1 Ra3 22. h5 h6 23. Qd2 g5 24. Ne2 Qa6 25. Rfb1 Ra2 26. R1b2 Rxb2 27. Rxb2
Qa1+ 0-1

*

[Event "6Ã¨me LUC open"]
[Site "Lille"]
[Date "2015-05-06"]
[Round "4.40"]
[White "DROGOU, Gerard"]
[Black "CHACHIACHVILI, Loma"]
[Result "1-0"]
[WhiteElo "1980"]
[BlackElo "1420"]

1. e4 c5 2. d4 cxd4 3. c3 d3 4. Bxd3 Nc6 5. Nf3 g6 6. O-O Bg7 7. a3 Nf6 8. c4
d6 9. h3 O-O 10. Nc3 Nd7 11. Be3 Nc5 12. Rb1 Nxd3 13. Qxd3 h6 14. Rfd1 b6 15.
Ne2 Bb7 16. b4 Rc8 17. Nfd4 Ne5 18. Qb3 Nxc4 19. f3 Nxe3 20. Qxe3 Qd7 21. Qb3
Rc7 22. a4 Rfc8 23. Nb5 Rc2 24. Ned4 R2c4 25. Ne2 a6 26. Na3 R4c7 27. Rbc1 e6
28. Nc4 Qd8 29. Rxd6 Qg5 30. Qd3 Be5 31. Rxb6 Rd8 32. f4 Bxf4 33. Qc3 Bxc1 34.
Qxc1 Qxc1+ 35. Nxc1 Rxc4 0-1

*

[Event "6Ã¨me LUC open"]
[Site "Lille"]
[Date "2015-05-06"]
[Round "4.41"]
[White "DUPONT, Arthur"]
[Black "SHVED, Vassili"]
[Result "1-0"]
[WhiteElo "1908"]
[BlackElo "1580"]

1. g3 Nf6 2. Bg2 g6 3. d3 d5 4. c3 Bg7 5. Nd2 O-O 6. e4 dxe4 7. dxe4 c6 8. Ne2
Nbd7 9. O-O e5 10. Qc2 Nc5 11. Nc4 Qc7 12. f4 Ng4 13. h3 Be6 14. Ne3 Nxe3 15.
Bxe3 Nd7 16. f5 Bc4 17. g4 gxf5 18. gxf5 Kh8 19. Kh2 Rg8 20. Rg1 Bf6 21. Bf3
Rxg1 22. Rxg1 Rg8 23. Rxg8+ Kxg8 24. Ng3 c5 25. Nh5 Bh8 26. Qg2+ Kf8 27. Bh6+
Ke7 28. Qg8 Qd8 29. Qxh7 Nf6 30. Nxf6 Bxf6 31. b3 Qd3 32. Bg2 Bh4 33. f6+ Kd7
34. Qf5+ Be6 35. Qxe5 Qd6 36. Qxd6+ Kxd6 37. Bf4+ Kc6 38. e5+ Kb6 39. Bg3 Bg5
40. h4 Bd2 41. c4 a5 42. Bh3 a4 43. Bxe6 axb3 44. axb3 fxe6 45. Kh3 Ka5 46. f7
Bh6 47. Be1+ Kb6 48. Kg4 Kc6 49. Kh5 Bf8 50. Kg6 Kd7 51. Bd2 1-0

*

[Event "6Ã¨me LUC open"]
[Site "Lille"]
[Date "2015-05-06"]
[Round "4.44"]
[White "MAHIEU, Jacques"]
[Black "FAURE, StÃ©phane"]
[Result "0-1"]
[WhiteElo "1610"]
[BlackElo "2063"]

1. c4 e6 2. Nc3 Nf6 3. g3 c5 4. Bg2 Nc6 5. Nf3 d5 6. cxd5 Nxd5 7. O-O Be7 8. d3
O-O 9. Bd2 Bf6 10. Rc1 Nce7 11. Ne4 Bxb2 12. Rxc5 Nc6 13. Qb3 Bf6 14. Nxf6+
Qxf6 15. Bg5 Nd4 16. Nxd4 Qxd4 17. Rfc1 Qg4 18. e4 b6 19. R5c2 Nb4 20. Qxb4
Qxg5 21. f4 Qd8 22. e5 Rb8 23. Rc7 Qxd3 24. Qe7 Qe3+ 25. Kh1 Bb7 26. Qb4 Bxg2+
27. Kxg2 Qe2+ 28. Kh3 Qxa2 29. Rd1 a5 30. Qb5 a4 31. Rdd7 a3 32. Qb4 Qa1 33.
Qe7 Qf1+ 34. Kh4 a2 35. Qxf7+ Rxf7 36. Rxf7 Qb1 37. f5 Qe4+ 38. g4 Qxe5 0-1

*

[Event "6Ã¨me LUC open"]
[Site "Lille"]
[Date "2015-05-06"]
[Round "4.45"]
[White "LEMOINE, Jean-Pierre"]
[Black "SOBRY, Sebastien"]
[Result "0-1"]
[WhiteElo "1608"]
[BlackElo "2033"]

1. e4 e5 2. Nf3 Nc6 3. Bc4 Be7 4. Nc3 Nf6 5. d4 exd4 6. Nxd4 Nxd4 7. Qxd4 d6 8.
Bg5 O-O 9. O-O a6 10. a4 Be6 11. Rfe1 h6 12. Bh4 Ng4 13. Bxe7 Qxe7 14. h3 c5
15. Nd5 Qh4 16. Qd2 Ne5 17. Bf1 Nc6 18. Re3 Nd4 19. Rg3 Bxd5 20. exd5 Rae8 21.
Raa3 Qh5 22. Rae3 Qxd5 23. Rxe8 Nf3+ 24. Rxf3 Qxd2 25. Re7 b5 26. axb5 axb5 27.
Bxb5 Qxc2 28. b3 Qc1+ 29. Kh2 Qg5 30. Rd7 Qe5+ 31. Kg1 Ra8 32. Rfxf7 Ra1+ 33.
Bf1 Qe2 34. Rxg7+ Kf8 35. Rgf7+ Ke8 36. Rfe7+ Qxe7 37. Rxe7+ Kxe7 38. g3 Rb1
39. g4 Rxb3 0-1

*

[Event "6Ã¨me LUC open"]
[Site "Lille"]
[Date "2015-05-06"]
[Round "4.46"]
[White "PRUVOST, Alain"]
[Black "INOUSS, Badr"]
[Result "0-1"]
[WhiteElo "1587"]
[BlackElo "2000"]

1. b4 d5 2. c4 dxc4 3. e3 Be6 4. Qc2 Nd7 5. Bxc4 Bxc4 6. Qxc4 Nb6 7. Qb3 e6 8.
Nc3 Nf6 9. Nf3 Be7 10. O-O O-O 11. Bb2 Nbd5 12. Nxd5 exd5 13. Bxf6 Bxf6 14. d4
Qd6 15. a4 Qe6 16. Rac1 Rac8 17. Rc2 Be7 18. a5 Bd6 19. Qd3 Rfe8 20. Ng5 Qh6
21. f4 Qg6 22. Qxg6 hxg6 23. Kf2 Re7 24. Nf3 Rce8 25. Rc3 0-1

*

[Event "6Ã¨me LUC open"]
[Site "Lille"]
[Date "2015-05-06"]
[Round "4.47"]
[White "LUI, Eric"]
[Black "FEY, Werner"]
[Result "1-0"]
[WhiteElo "1947"]
[BlackElo "1571"]

1. Nf3 Nf6 2. g3 g6 3. Bg2 Bg7 4. O-O O-O 5. d3 d5 6. Nbd2 Nc6 7. e4 e5 8. exd5
Nxd5 9. Nc4 Bg4 10. h3 Bxf3 11. Bxf3 Nd4 12. Bg2 c6 13. c3 Ne6 14. Re1 Qc7 15.
Qe2 Nc5 16. Bxd5 cxd5 17. Nxe5 Rae8 18. d4 f6 19. dxc5 Rxe5 20. Be3 Rfe8 21.
Qd2 Qd7 22. Bf4 Rxe1+ 23. Rxe1 Rxe1+ 24. Qxe1 Bf8 25. b4 Kf7 26. Kh2 d4 27. Qd1
d3 28. Be3 Qd5 29. Qb3 Ke6 30. Kg1 Be7 31. Kf1 Ke5 32. Bf4+ Ke4 33. f3+ 1-0

*

[Event "6Ã¨me LUC open"]
[Site "Lille"]
[Date "2015-05-06"]
[Round "4.48"]
[White "BERZIN, Serge"]
[Black "GRIFFON, Olivier"]
[Result "0-1"]
[WhiteElo "1566"]
[BlackElo "1907"]

1. c4 Nf6 2. Nc3 d5 3. cxd5 Nxd5 4. g3 g6 5. Bg2 Nxc3 6. bxc3 Bg7 7. Nf3 O-O 8.
O-O c5 9. Re1 e5 10. e4 c4 11. Kh1 Na6 12. Bf1 Be6 13. a4 Rc8 14. Rb1 Nc5 15.
Ba3 b6 16. Qc2 Re8 17. Bxc5 Rxc5 18. Rb5 Qc7 19. Rxc5 Qxc5 20. Kg2 Rc8 21. Rb1
a6 22. Ng5 Bd7 23. Rb4 b5 24. a5 Qc7 25. Qa2 Bc6 26. f3 Bb7 27. Nh3 h6 28. Nf2
Kh7 29. Rb2 f5 30. Rc2 fxe4 31. fxe4 Qf7 32. d3 cxd3 33. Qxf7 dxc2 34. Qxb7
Rxc3 35. Qxa6 c1=Q 36. Qxb5 Qe3 37. Qe2 Qc5 38. Qb5 Qd4 39. Bd3 Ra3 40. Qb6
Qxb6 41. axb6 Rb3 42. Bc4 Rxb6 43. Bd5 Bf6 44. Ng4 Kg7 45. h4 h5 46. Ne3 Rb2+
47. Kf3 Kf8 48. g4 hxg4+ 49. Nxg4 Bg7 50. Ne3 Rb1 51. Nc4 Rh1 52. Kg4 Bf6 53.
h5 Rxh5 54. Nd6 Ke7 55. Nf5+ Kd7 56. Ne3 Kd6 57. Bf7 Rh4+ 58. Kf3 Rf4+ 59. Ke2
Rxe4 60. Bxg6 Ra4 0-1

*

[Event "6Ã¨me LUC open"]
[Site "Lille"]
[Date "2015-05-06"]
[Round "4.49"]
[White "MARIE, Olivier"]
[Black "LEGRAND, Patrick"]
[Result "0-1"]
[WhiteElo "1527"]
[BlackElo "1863"]

1. d4 d5 2. c4 e6 3. Nf3 Be7 4. Nc3 Nf6 5. e3 O-O 6. Bd3 Nbd7 7. O-O c5 8. cxd5
exd5 9. Re1 b6 10. Rb1 Bb7 11. a3 Ne4 12. Bd2 Qc7 13. Rc1 Ndf6 14. Ne5 a6 15.
f3 Nxd2 16. Qxd2 Qd6 17. Rcd1 Nd7 18. Nxd7 Qxd7 19. Qc2 f5 20. Kh1 c4 21. Bf1
b5 22. g3 Rae8 23. Bg2 Bg5 24. e4 fxe4 25. fxe4 dxe4 26. Nxe4 Bd8 27. Kg1 Bb6
28. Nc5 Rxe1+ 29. Rxe1 Qxd4+ 0-1

*

[Event "6Ã¨me LUC open"]
[Site "Lille"]
[Date "2015-05-06"]
[Round "4.50"]
[White "VANDECASTEELE, Louis"]
[Black "CALONNE, Pascal"]
[Result "1-0"]
[WhiteElo "1831"]
[BlackElo "1554"]

1. e4 c5 2. Nf3 e6 3. d3 Nc6 4. g3 Nf6 5. Bg2 Be7 6. O-O O-O 7. Re1 d6 8. Nbd2
Rb8 9. e5 dxe5 10. Nxe5 Nxe5 11. Rxe5 b6 12. Nf3 Bb7 13. Bg5 Nd5 14. Bxe7 Nxe7
15. Qd2 Qd6 16. Rae1 Nf5 17. b3 Rfd8 18. R5e2 Nd4 19. Nxd4 Qxd4 20. Bxb7 Rxb7
21. a4 Qf6 22. Re4 Rd4 23. Qe3 Rxe4 24. Qxe4 Rb8 25. Kg2 g6 26. Re3 Qd4 27. Qc6
Rd8 28. h4 h5 29. Qc7 Rd7 30. Qb8+ Kg7 31. Re4 Qd6 32. Qxd6 Rxd6 33. Kf3 Rd5
34. Ke2 Kf6 35. f4 Rf5 36. Ke3 e5 37. Rc4 Ke6 38. Ke4 exf4 39. gxf4 f6 40. d4
Kd6 41. dxc5+ bxc5 42. Rc3 a5 43. Rg3 Ke6 44. Rxg6 Rd5 45. Rxf6+ Kxf6 46. Kxd5
Kf5 47. Kxc5 Kxf4 48. Kd4 Kg4 49. c4 Kxh4 50. c5 1-0

*

[Event "6Ã¨me LUC open"]
[Site "Lille"]
[Date "2015-05-06"]
[Round "4.51"]
[White "VAN FOREEST, Pieter"]
[Black "ROMMELAERE, Stephane"]
[Result "1-0"]
[WhiteElo "1825"]
[BlackElo "1539"]

1. e4 e6 2. d4 d5 3. Nc3 Bb4 4. e5 c5 5. a3 Bxc3+ 6. bxc3 Qb6 7. Qg4 Ne7 8. Nf3
Ng6 9. h4 Nc6 10. h5 Nge7 11. h6 g6 12. Bd3 c4 13. Bd2 Qd8 14. Bg5 Qb6 15. Kd2
Bd7 16. Rhb1 Qc7 17. Qf4 Rf8 18. Bf6 O-O-O 19. Ng5 Rde8 20. Nxh7 Rg8 21. Ng5
1-0

*

[Event "6Ã¨me LUC open"]
[Site "Lille"]
[Date "2015-05-06"]
[Round "4.52"]
[White "BLONDEL, Francis"]
[Black "MOLLARD, Pascal"]
[Result "0-1"]
[WhiteElo "1503"]
[BlackElo "1823"]

1. d4 d5 2. c4 e6 3. Nf3 f5 4. e3 c6 5. Ne5 Nf6 6. cxd5 exd5 7. Be2 Be6 8. O-O
Bd6 9. Nd2 O-O 10. Ndf3 Ne4 11. Qb3 Qc7 12. Qc2 Nd7 13. Nxd7 Bxd7 14. g3 g5 15.
Ne1 f4 16. f3 Nf6 17. gxf4 gxf4 18. Rf2 Bh3 19. Bf1 Bxf1 20. Kxf1 fxe3 21. Bxe3
Kh8 22. Nd3 Rae8 23. Qe2 Qd7 24. Kg1 Rg8+ 25. Kh1 Qh3 26. Nf4 Qf5 27. Qd3 Qxd3
28. Nxd3 Rxe3 29. Ne1 Rge8 30. Ng2 Re2 31. Rxe2 Rxe2 0-1

*

[Event "6Ã¨me LUC open"]
[Site "Lille"]
[Date "2015-05-06"]
[Round "4.53"]
[White "POURRAHNAMA, Amir"]
[Black "DESCHUYTENEER, Lucien"]
[Result "1-0"]
[WhiteElo "1815"]
[BlackElo "1503"]

1. d4 d5 2. Nf3 Nf6 3. e3 e6 4. Bd3 Be7 5. Nbd2 c5 6. c3 Nc6 7. O-O O-O 8. dxc5
Bxc5 9. b4 Bd6 10. e4 dxe4 11. Nxe4 Nxe4 12. Bxe4 Ne5 13. Nd4 Ng6 14. g3 a6 15.
Be3 e5 16. Nb3 Qe7 17. Bc5 Bxc5 18. Nxc5 Rb8 19. Re1 b6 20. Nd3 f6 21. h4 Rd8
22. Qc2 Be6 23. a4 1-0

*

[Event "6Ã¨me LUC open"]
[Site "Lille"]
[Date "2015-05-06"]
[Round "4.54"]
[White "RYS, Ludovic"]
[Black "DHUYVETTER, Frederik"]
[Result "0-1"]
[WhiteElo "1493"]
[BlackElo "1809"]

1. Nf3 Nf6 2. g3 d5 3. Bg2 c5 4. b3 Nc6 5. Bb2 e6 6. O-O Be7 7. d3 O-O 8. Nbd2
b5 9. Re1 Bb7 10. e4 d4 11. h3 a5 12. e5 Nd5 13. Nh2 Qc7 14. Qh5 Ncb4 15. Be4
f5 16. exf6 Nxf6 17. Qd1 Bd5 18. a3 Nc6 19. Ng4 Bd6 20. Nf1 Rf7 21. Bc1 Raf8
22. f4 Bxe4 23. dxe4 e5 24. f5 c4 25. Bg5 Nd7 26. f6 Nxf6 27. Bxf6 Rxf6 28.
Nxf6+ Rxf6 29. Nh2 b4 30. a4 Nb8 31. Rf1 Rg6 32. g4 Na6 33. Nf3 Nc5 34. Nh4 Rh6
35. Qe1 cxb3 36. cxb3 Nxb3 37. Rb1 Nc5 38. Kh2 Nxa4 39. Nf5 Re6 40. Qf2 Bc5 41.
Qa2 Qc6 42. Ne7+ Bxe7 43. Rbc1 Nc3 44. Qxa5 Rf6 45. Qxe5 Bd6 46. Rf5 Rxf5 47.
Qxd6 Qxd6+ 48. Kg2 Rf4 49. Ra1 Rxe4 50. Ra8+ Kf7 0-1

*

[Event "6Ã¨me LUC open"]
[Site "Lille"]
[Date "2015-05-06"]
[Round "4.55"]
[White "ALLEMAND, Christian"]
[Black "CABARRUS, Valentin"]
[Result "1-0"]
[WhiteElo "1779"]
[BlackElo "1469"]

1. e4 e5 2. Nf3 Nc6 3. d4 exd4 4. Nxd4 Bc5 5. Be3 Qf6 6. Nb5 Bxe3 7. fxe3 Qh4+
8. g3 Qxe4 9. Nxc7+ Kd8 10. Nxa8 Qxh1 11. Qd6 Nf6 12. Nd2 Re8 13. O-O-O Qxh2
14. Bc4 Qh5 15. Nc7 Rxe3 16. Nb5 Qe5 17. Qf8+ Ne8 18. Qxf7 Qxg3 19. Nf1 Qe5 20.
Nxe3 Qxe3+ 21. Kb1 a6 22. Nc3 Ne5 23. Qg8 b5 24. Bd5 Qf4 25. Ne4 Qg4 26. Re1
Qh4 27. Rf1 Qh3 1-0

*

[Event "6Ã¨me LUC open"]
[Site "Lille"]
[Date "2015-05-06"]
[Round "4.56"]
[White "COUSTENOBLE, Hugo"]
[Black "HENNE, Jean-Louis"]
[Result "1/2-1/2"]
[WhiteElo "1471"]
[BlackElo "1780"]

1. e4 d6 2. d4 Nf6 3. Nc3 c6 4. Nf3 Bg4 5. Be2 e6 6. O-O Be7 7. e5 Nfd7 8. Re1
d5 9. Be3 O-O 10. a3 c5 11. dxc5 Bxf3 12. Bxf3 Nxe5 13. b4 Nxf3+ 14. Qxf3 Bf6
15. Bf4 Nc6 16. Rac1 a6 17. Ne2 e5 18. Bg3 e4 19. Qb3 Re8 20. c3 Be5 21. Bxe5
Rxe5 22. Nd4 Qe7 23. Re3 Rd8 24. Rce1 Kh8 25. h3 f5 26. Nxc6 bxc6 27. f4 Re6
28. Qb2 Qf6 29. Rd1 Re7 30. Qd2 Red7 31. Qd4 Qe6 32. Rd2 Kg8 33. Rf2 Rf8 34. g3
Qf6 35. h4 Qxd4 36. cxd4 Rb7 37. Rb2 h5 38. Kf2 Rfb8 39. Reb3 Kf7 40. Ke3 Ke6
41. Rb1 1/2-1/2

*

[Event "6Ã¨me LUC open"]
[Site "Lille"]
[Date "2015-05-06"]
[Round "4.57"]
[White "DEKETELAERE, Francky"]
[Black "GEAY, Philippe"]
[Result "1-0"]
[WhiteElo "1762"]
[BlackElo "1482"]

1. d4 f5 2. h3 Nf6 3. g4 d6 4. g5 Nh5 5. Nf3 g6 6. Bg2 Bg7 7. Nc3 O-O 8. Qd3 c6
9. Bd2 a5 10. h4 b5 11. a3 Qe8 12. Ng1 Ba6 13. b4 e5 14. dxe5 dxe5 15. e4 Nf4
16. Bxf4 exf4 17. O-O-O axb4 18. axb4 Bb7 19. exf5 Na6 20. Nxb5 Nxb4 21. Qb3+
Kh8 22. Qxb4 Ra1+ 23. Kd2 Qd7+ 24. Qd6 Rxd1+ 25. Kxd1 Qxd6+ 26. Nxd6 Rd8 27. f6
Rxd6+ 28. Kc1 Bf8 29. Ne2 Re6 30. Nxf4 Re5 31. Nd3 Ra5 32. Kd2 Ra4 33. f4 Rc4
34. Rb1 Ba6 35. Rb8 Kg8 36. Bf3 Rd4 37. Bxc6 Bxd3 38. cxd3 1-0

*

[Event "6Ã¨me LUC open"]
[Site "Lille"]
[Date "2015-05-06"]
[Round "4.58"]
[White "RICOU, Guillaume"]
[Black "CHAIGNET, Lucas"]
[Result "0-1"]
[WhiteElo "1460"]
[BlackElo "1758"]

1. e4 e5 2. Nf3 Nc6 3. Bc4 Nf6 4. Ng5 d5 5. exd5 Nd4 6. c3 b5 7. Bb3 Nxb3 8.
axb3 Qxd5 9. O-O h6 10. Nf3 Bg4 11. Re1 Bd6 12. d4 e4 13. h3 Bh5 14. Nbd2 O-O
15. c4 Bxf3 16. cxd5 Bxd1 17. Rxd1 Rfd8 18. Ra5 a6 19. Nf1 Nxd5 20. Bd2 Bf4 21.
Re1 Bxd2 22. Nxd2 f5 23. g4 g6 24. Raa1 Nf4 25. Kh2 Rxd4 26. Nf1 Rd3 27. Ne3
Rxb3 28. gxf5 Rxb2 29. fxg6 Rxf2+ 30. Kg3 Rf3+ 0-1

*

[Event "6Ã¨me LUC open"]
[Site "Lille"]
[Date "2015-05-06"]
[Round "4.59"]
[White "DE WEIRD, Evy"]
[Black "HUYSMAN, Robert"]
[Result "1/2-1/2"]
[WhiteElo "1730"]
[BlackElo "1461"]

1. c4 e5 2. g3 f5 3. Nc3 Nf6 4. Bg2 c6 5. d3 Be7 6. e3 O-O 7. Nge2 Qe8 8. Rb1
Na6 9. a3 Nc7 10. b4 d5 11. cxd5 Nfxd5 12. O-O Be6 13. Bb2 Bf6 14. Nxd5 Nxd5
15. d4 e4 16. Qc2 Rc8 17. Rfc1 Be7 18. Nc3 Nxc3 19. Qxc3 Bd5 20. Bf1 b5 21. Be2
a6 22. Ra1 Qd7 23. Bd1 Qe6 1/2-1/2

*

[Event "6Ã¨me LUC open"]
[Site "Lille"]
[Date "2015-05-06"]
[Round "4.61"]
[White "SZURHAJ, William"]
[Black "MANDUCHER, Matthieu"]
[Result "1-0"]
[WhiteElo "1693"]
[BlackElo "1457"]

1. e4 e5 2. Nf3 Nc6 3. Bc4 Bc5 4. O-O Nf6 5. d4 Nxd4 6. Nxe5 O-O 7. Be3 Ne6 8.
Bxe6 Bxe3 9. Bxf7+ Kh8 10. Bb3 Qe7 11. Nf7+ Kg8 12. fxe3 c6 13. Qd6 Qe8 14. e5
Ne4 15. Ng5+ Kh8 16. Rxf8+ Qxf8 17. Qxf8# 1-0

*

[Event "6Ã¨me LUC open"]
[Site "Lille"]
[Date "2015-05-06"]
[Round "4.62"]
[White "HIRSCHMANN, Georges"]
[Black "PETIT, Michel"]
[Result "1-0"]
[WhiteElo "1687"]
[BlackElo "1298"]

1. d4 Nc6 2. Nf3 d5 3. Bf4 Bg4 4. Nbd2 Qd7 5. h3 Bh5 6. c3 Nf6 7. Qb3 b6 8. e3
e6 9. Bb5 Bd6 10. Qa4 O-O 11. Bxc6 Qc8 12. Bxa8 Qxa8 13. Bxd6 cxd6 14. O-O Rc8
15. Rac1 Ne4 16. Rfe1 a6 17. c4 dxc4 18. Rxc4 Rb8 19. Qc6 d5 20. Qxa8 Rxa8 21.
Rcc1 1-0

*

[Event "6Ã¨me LUC open"]
[Site "Lille"]
[Date "2015-05-06"]
[Round "4.63"]
[White "CANARIO, Jonathan"]
[Black "BRELOT, Loic"]
[Result "0-1"]
[WhiteElo "1421"]
[BlackElo "1679"]

1. e4 e6 2. d4 d5 3. exd5 exd5 4. Nf3 Bd6 5. Nc3 Ne7 6. Be2 Bg4 7. h3 Bh5 8. g4
Bg6 9. Be3 Nbc6 10. a3 a6 11. Nh4 Be4 12. Bf3 Bxf3 13. Qxf3 Nb8 14. Nf5 Nxf5
15. Qxf5 c6 16. Kd2 Qd7 17. Qd3 Qc7 18. Rae1 O-O 19. Qf5 Nd7 20. a4 b6 21. b3
0-1

*

[Event "6Ã¨me LUC open"]
[Site "Lille"]
[Date "2015-05-06"]
[Round "4.64"]
[White "GONZALEZ, Arnaud"]
[Black "QI, Mei"]
[Result "1-0"]
[WhiteElo "1667"]
[BlackElo "1150"]

1. c4 e6 2. Nf3 Nf6 3. Nc3 Bc5 4. d4 Bb4 5. Qc2 O-O 6. Bg5 c6 7. e4 Re8 8. e5
Be7 9. exf6 Bxf6 10. Bxf6 Qxf6 11. Ne4 Qe7 12. c5 b6 13. Nd6 Rd8 14. Bd3 f5 15.
O-O b5 16. Rfe1 Na6 17. a3 b4 18. Nxc8 Nc7 19. Nxe7+ 1-0

*

[Event "6Ã¨me LUC open"]
[Site "Lille"]
[Date "2015-05-06"]
[Round "4.65"]
[White "DEVIENNE, Ghislain"]
[Black "BELE, Charles"]
[Result "0-1"]
[WhiteElo "1399"]
[BlackElo "1666"]

1. e4 e6 2. d4 d5 3. e5 c5 4. Be3 Nc6 5. Bb5 Qb6 6. Bxc6+ bxc6 7. b3 cxd4 8.
Bxd4 c5 9. Bb2 Ne7 10. Nf3 Ba6 11. Nbd2 Ng6 12. Ng5 h6 13. Nxf7 Kxf7 14. Qf3+
Kg8 15. Rb1 Kh7 16. g4 Be7 17. Rd1 Rhf8 18. Qg3 Bh4 19. Qxh4 Nxh4 20. Rg1 c4
21. Ne4 0-1

*

[Event "6Ã¨me LUC open"]
[Site "Lille"]
[Date "2015-05-06"]
[Round "4.66"]
[White "DUEE, Paul"]
[Black "DESCATOIRE, Raymond"]
[Result "1/2-1/2"]
[WhiteElo "1650"]
[BlackElo "1012"]

1. d4 Nf6 2. c4 e6 3. Nf3 b6 4. Bg5 h6 5. Bxf6 Qxf6 6. g3 Bb7 7. Bg2 Bb4+ 8.
Nc3 Bxc3+ 9. bxc3 O-O 10. O-O d6 11. Re1 Nd7 12. e4 e5 13. d5 Nc5 14. Nd2 Ba6
15. Qe2 c6 16. Qe3 Rac8 17. h4 Na4 18. Rab1 cxd5 19. Rb4 Nc5 20. cxd5 Nd3 0-1

*

[Event "6Ã¨me LUC open"]
[Site "Lille"]
[Date "2015-05-06"]
[Round "4.67"]
[White "COUSSEMENT, Serge"]
[Black "POIVRE, Alain"]
[Result "0-1"]
[WhiteElo "1317"]
[BlackElo "1627"]

1. c4 Nc6 2. Nc3 Nf6 3. g3 e5 4. Bg2 Be7 5. e3 O-O 6. Nge2 Bb4 7. O-O Re8 8. d4
exd4 9. exd4 d6 10. Be3 Bg4 11. Re1 Bxc3 12. bxc3 Rb8 13. Qc1 Na5 14. f3 Nxc4
15. Nf4 Nxe3 16. Rxe3 Bd7 17. Qd2 Bc6 18. Rae1 Rxe3 19. Rxe3 Nd5 20. Nxd5 Bxd5
21. a3 c6 22. Qd3 b5 23. Bh3 g6 24. Re1 a5 25. f4 f5 26. Qe3 Be4 27. g4 d5 28.
Qg3 Qf8 29. Bf1 Rb7 30. h4 fxg4 31. Qxg4 Rf7 32. Qe6 Kg7 33. Qxc6 Rxf4 34. Qxb5
Rg4+ 35. Kh2 Qf2+ 0-1

*

[Event "6Ã¨me LUC open"]
[Site "Lille"]
[Date "2015-05-06"]
[Round "4.68"]
[White "WAMBERGUE, Maurice"]
[Black "SIMON, Fernand"]
[Result "1-0"]
[WhiteElo "1871"]
[BlackElo "1404"]

1. e4 c5 2. Nf3 d6 3. d4 cxd4 4. Nxd4 Nf6 5. Nc3 g6 6. Bc4 Bg7 7. f3 O-O 8. Be3
Nc6 9. Qd2 Bd7 10. g4 Be6 11. Bxe6 Nxd4 12. Bxf7+ Rxf7 13. Bxd4 Qf8 14. Qe2 a6
15. O-O-O Bh6+ 16. Kb1 Nd7 17. Rhf1 Bf4 18. Nd5 Bg5 19. Nc7 Rc8 20. Ne6 Qh6 21.
Nxg5 Qxg5 22. Qd2 Qb5 23. h4 e5 24. Bc3 Rc6 25. h5 Nf8 26. Qd3 Qa4 27. f4 Rcc7
28. fxe5 dxe5 29. Rxf7 Rxf7 1-0

*

[Event "6Ã¨me LUC open"]
[Site "Lille"]
[Date "2015-05-06"]
[Round "4.69"]
[White "VAN FOREEST, Machteld"]
[Black "CARDON, Pierre"]
[Result "0-1"]
[WhiteElo "1420"]
[BlackElo "1863"]

1. e4 d6 2. d4 c6 3. Nf3 Qc7 4. Nc3 Bg4 5. Bc4 Nf6 6. Bg5 Nbd7 7. h3 Bh5 8. Qd2
e5 9. O-O-O b5 10. Bb3 a5 11. dxe5 dxe5 12. a4 b4 13. Ne2 Nxe4 14. Qe3 Nec5 15.
Ng3 Bg6 16. Rhe1 f6 17. Bh4 O-O-O 18. Nd2 Nb6 19. Nc4 Nd5 20. Qf3 Kb8 21. Ba2
Nxa4 22. Ne4 Nc5 23. Nxc5 Bxc5 24. Qb3 Nb6 25. Nxa5 Rxd1+ 26. Rxd1 Be4 27. Nc4
Bd5 28. Qd3 Bxg2 29. Nxb6 Bxb6 30. Qg3 Be4 31. Rg1 Bg6 32. Qg4 Qe7 33. Rd1 Rd8
34. Rxd8+ Bxd8 35. Qc4 Kb7 36. Bb3 Bb6 37. Ba4 Qd6 38. Qg8 Qc7 39. Qc4 c5 40.
Bg3 Bf7 41. Qe4+ Ka7 42. Qxh7 Bd5 43. Qf5 c4 44. h4 c3 45. b3 Bb7 46. h5 Qd6
47. Qg4 Qd2+ 48. Kb1 Qe1+ 49. Ka2 Qc1 0-1

*